Faculty of Law Library — Cairo University

Official Online Catalog

Leading constitutional cases on criminal justice / (Record no. 54795)

MARC details
000 -LEADER
fixed length control field 01417cac a2200373 i 4500
003 - CONTROL NUMBER IDENTIFIER
control field EG-GICUC
005 - DATE AND TIME OF LATEST TRANSACTION
control field 20260121101651.0
008 - FIXED-LENGTH DATA ELEMENTS--GENERAL INFORMATION
fixed length control field 260106c2005 nyuar fr 0 a0eng d
016 7# - NATIONAL BIBLIOGRAPHIC AGENCY CONTROL NUMBER
Record control number 018457357
Source Uk
040 ## - CATALOGING SOURCE
Original cataloging agency EG-GICUC
Language of cataloging eng
Transcribing agency EG-GICUC
Modifying agency EG-GICUC
Description conventions rda
043 ## - GEOGRAPHIC AREA CODE
Geographic area code n-us---
082 04 - DEWEY DECIMAL CLASSIFICATION NUMBER
Classification number 343.3
Edition number 21
092 04 - LOCALLY ASSIGNED DEWEY CALL NUMBER (OCLC)
Edition number 21
099 ## - LOCAL FREE-TEXT CALL NUMBER (OCLC)
Classification number Law 10 2005
245 00 - TITLE STATEMENT
Title Leading constitutional cases on criminal justice /
Statement of responsibility, etc. edited by LLoyd L. Weinreb.
246 13 - VARYING FORM OF TITLE
Title proper/short title Criminal justice
250 ## - EDITION STATEMENT
Edition statement 2005 edition.
264 ## - PRODUCTION, PUBLICATION, DISTRIBUTION, MANUFACTURE, AND COPYRIGHT NOTICE
Place of production, publication, distribution, manufacture New York :
Name of producer, publisher, distributor, manufacturer Foundation Press,
Date of production, publication, distribution, manufacture, or copyright notice 2005.
300 ## - PHYSICAL DESCRIPTION
Extent xiii, 1181 pages ;
Dimensions 26 cm
336 ## - CONTENT TYPE
Content type term text
Content type code txt
Source rdacontent
337 ## - MEDIA TYPE
Media type term Computer
Media type code n
Source rdamedia
338 ## - CARRIER TYPE
Carrier type term Online REsource
Carrier type code nc
Source rdacarrier
590 ## - LOCAL NOTE (RLIN)
Local note
650 #0 - SUBJECT ADDED ENTRY--TOPICAL TERM
Topical term or geographic name entry element Criminal procedure
Geographic subdivision United States
Form subdivision Cases.
650 #0 - SUBJECT ADDED ENTRY--TOPICAL TERM
Topical term or geographic name entry element Criminal justice, Administration of
Geographic subdivision United States
Form subdivision Cases.
650 #7 - SUBJECT ADDED ENTRY--TOPICAL TERM
Topical term or geographic name entry element Criminal procedure.
Source of heading or term fast
Authority record control number or standard number (OCoLC)fst00883421
655 #4 - INDEX TERM--GENRE/FORM
Genre/form data or focus term Cases.
700 1# - ADDED ENTRY--PERSONAL NAME
Personal name Weinreb, Lloyd L.,
Dates associated with a name 1936-2021.
Real World Object URI https://id.oclc.org/worldcat/entity/E39PBJdRvQptP6hdJdkVmDBHG3
776 08 - ADDITIONAL PHYSICAL FORM ENTRY
Relationship information Online version:
Title Leading constitutional cases on criminal justice
Record control number (OCoLC)565213225
776 08 - ADDITIONAL PHYSICAL FORM ENTRY
Relationship information Online version:
Title Leading constitutional cases on criminal justice
Record control number (OCoLC)605892403
856 40 - ELECTRONIC LOCATION AND ACCESS
Uniform Resource Identifier <a href="https://fll.law.cu.edu.eg/fulltext/bks/ENGB10-00159.pdf">https://fll.law.cu.edu.eg/fulltext/bks/ENGB10-00159.pdf</a>
905 ## - Cataloger and Reviser Names
Cataloger Name: Hend El khosy
942 ## - ADDED ENTRY ELEMENTS (KOHA)
Source of classification or shelving scheme Dewey Decimal Classification
Koha item type Books
Edition 21
Suppress in OPAC No
Holdings
Withdrawn status Lost status Source of classification or shelving scheme Damaged status Not for loan Collection Home library Current library Date acquired Total checkouts Full call number Barcode Date last seen Copy number Price effective from Koha item type Public note
    Dewey Decimal Classification     القانون الجنائي جــــامعة القــاهرة مكتبة كلية الحقوق - فـرع الشيخ زايد 06.01.2026   Law2 10 343.3073 LE 2005 1000162 C1 ENGB10-00162 06.01.2026 1 06.01.2026 Books 1537

© All rights reserved — Faculty of Law, Cairo University